[Event "DEM U14 2011"]
[Site "Oberhof GER"]
[Date "2011.06.14"]
[Round "4"]
[White "Kramer, Julian"]
[Black "Krause, Benedict"]
[Result "1/2-1/2"]
[Termination "normal"]
[Board "7"]
[WhiteElo "1946"]
[BlackElo "1824"]
[PlyCount "74"]
[WhiteFideId "12921742"]
[BlackFideId "12917990"]
[EventCountry "GER"]
[EventRounds "9"]
[EventType "swiss"]
[EventDate "2011.06.11"]

1. e4 c5 2. Nf3 e6 3. d4 cxd4 4. Nxd4 Nc6 5. Nc3 Qc7 6. f4 a6 7. Nxc6 Qxc6 8.
Bd3 Bc5 9. Qe2 b5 10. Bd2 Bb7 11. O-O-O Nf6 12. a3 d5 13. exd5 Nxd5 14. f5 O-O
15. Nxd5 exd5 16. Rhf1 Rfe8 17. Qh5 Qf6 18. g4 Bxa3 19. Bc3 d4 20. g5 Qd6 21.
f6 g6 22. Qh6 Qf8 23. Qxf8+ Bxf8 24. Bxd4 Rad8 25. Bf2 Rd5 26. h4 Bd6 27. Rde1
Rde5 28. Rxe5 Bxe5 29. c3 Bf4+ 30. Kc2 h6 31. gxh6 Bxh6 32. Rg1 Bf3 33. Bd4 Be2
34. Rg2 Bf3 35. Rg1 Be2 36. Rg2 Bf3 37. Rg1 Be2 1/2-1/2

[Event "DEM U14 2011"]
[Site "Oberhof GER"]
[Date "2011.06.14"]
[Round "4"]
[White "Grigorian, Spartak"]
[Black "Myagkov, Kirill"]
[Result "1-0"]
[Termination "normal"]
[Board "8"]
[WhiteElo "1971"]
[BlackElo "1833"]
[PlyCount "71"]
[WhiteFideId "24661490"]
[BlackFideId "24657042"]
[EventCountry "GER"]
[EventRounds "9"]
[EventType "swiss"]
[EventDate "2011.06.11"]

1. e4 b6 2. c4 e5 3. Nc3 Nf6 4. d3 Bc5 5. h3 c6 6. Nf3 d5 7. cxd5 cxd5 8. Nxe5
dxe4 9. Qa4+ Bd7 10. Nxd7 Qxd7 11. Qxd7+ Kxd7 12. dxe4 Nxe4 13. Nxe4 Re8 14.
Bd3 f5 15. f3 Nc6 16. Bf4 Bb4+ 17. Kf2 fxe4 18. Bxe4 Bc5+ 19. Kg3 Rad8 20.
Rhd1+ Nd4 21. b4 Kc8 22. bxc5 Ne2+ 23. Kg4 h5+ 24. Kg5 Nd4 25. cxb6 Ne6+ 26.
Kf5 Nd4+ 27. Rxd4 Rxd4 28. b7+ Kd7 29. b8=Q Rxb8 30. Bxb8 a5 31. Be5 Rd2 32.
Rc1 Rxa2 33. Rc7+ Ke8 34. Ke6 Kd8 35. Rd7+ Kc8 36. Bb7# 1-0

[Event "DEM U14 2011"]
[Site "Oberhof GER"]
[Date "2011.06.14"]
[Round "4"]
[White "Müller, Constantin"]
[Black "Richter, Leonard"]
[Result "0-1"]
[Termination "normal"]
[Board "9"]
[WhiteElo "1839"]
[BlackElo "1856"]
[PlyCount "194"]
[WhiteFideId "24697630"]
[BlackFideId "12900290"]
[EventCountry "GER"]
[EventRounds "9"]
[EventType "swiss"]
[EventDate "2011.06.11"]

1. Nf3 Nf6 2. c4 c5 3. d4 cxd4 4. Nxd4 Nc6 5. Nc3 e6 6. g3 Qb6 7. Ndb5 Bc5 8.
Nd6+ Ke7 9. Nde4 Bb4 10. Bg5 Rd8 11. a3 Bxc3+ 12. Nxc3 Qxb2 13. Nb5 d5 14. Rb1
Qe5 15. Bf4 Qe4 16. f3 Qxc4 17. e3 Qc5 18. Rc1 Qb6 19. Kf2 e5 20. Bg5 a6 21.
Nc3 Be6 22. Rb1 Qa7 23. Qc2 h6 24. Bxf6+ gxf6 25. Na4 Rac8 26. Qc5+ Qxc5 27.
Rxb7+ Kd6 28. Nxc5 Kxc5 29. Bxa6 Rb8 30. g4 Rxb7 31. Bxb7 Bd7 32. Rc1+ Kb6 33.
Rb1+ Kc7 34. Ba6 Rb8 35. Rxb8 Kxb8 36. Kg3 f5 37. Kh4 fxg4 38. fxg4 d4 39. exd4
exd4 40. g5 hxg5+ 41. Kxg5 f5 42. h4 Ne5 43. Kf4 Ng4 44. h5 Kc7 45. Be2 Be6 46.
h6 Nxh6 47. Ke5 Bd7 48. Bd3 f4 49. Kxd4 Bc6 50. Be4 f3 51. Bxf3 Bxf3 52. Ke5
Nf7+ 53. Kf6 Bd5 54. Ke7 Nd6 55. Kf6 Nc4 56. a4 Kd6 57. Kf5 Bc6 58. a5 Nxa5 59.
Kf6 Be4 60. Kg7 Ke6 61. Kh8 Nc6 62. Kg7 Ne5 63. Kh8 Nf7+ 64. Kg7 Bf5 65. Kf8
Kf6 66. Kg8 Bg6 67. Kf8 Bh7 68. Ke8 Ne5 69. Kd8 Ke6 70. Kc7 Bd3 71. Kb6 Kd5 72.
Ka5 Kc5 73. Ka4 Kc4 74. Ka3 Nc6 75. Kb2 Nb4 76. Ka1 Nc2+ 77. Kb2 Kb4 78. Ka2
Kc3 79. Kb1 Bc4 80. Kc1 Ba2 81. Kd1 Nd4 82. Ke1 Kd3 83. Kf2 Ne2 84. Kf3 Be6 85.
Kf2 Bd5 86. Ke1 Ke3 87. Kd1 Bb3+ 88. Ke1 Nf4 89. Kf1 Bd1 90. Ke1 Bf3 91. Kf1
Nd3 92. Kg1 Kf4 93. Kf1 Kg3 94. Kg1 Be2 95. Kh1 Nf2+ 96. Kg1 Nh3+ 97. Kh1 Bf3#
0-1

[Event "DEM U14 2011"]
[Site "Oberhof GER"]
[Date "2011.06.14"]
[Round "4"]
[White "Wachinger, David"]
[Black "Xiong, Ferdinand"]
[Result "1/2-1/2"]
[Termination "normal"]
[Board "10"]
[WhiteElo "1690"]
[BlackElo "1926"]
[PlyCount "57"]
[WhiteFideId "24692689"]
[BlackFideId "24654132"]
[EventCountry "GER"]
[EventRounds "9"]
[EventType "swiss"]
[EventDate "2011.06.11"]

1. d4 Nf6 2. c4 g6 3. Nc3 Bg7 4. e4 O-O 5. f4 d6 6. Nf3 c5 7. d5 e6 8. Bd3 exd5
9. cxd5 Re8 10. O-O a6 11. a4 b6 12. Re1 Bg4 13. h3 Bxf3 14. Qxf3 Nbd7 15. Bd2
Qc7 16. Qf1 Qb7 17. Re3 h5 18. Kh1 Bh6 19. Be1 Qc8 20. Bg3 Nh7 21. Ree1 Ra7 22.
Bc4 Bg7 23. Re2 Qb8 24. Rae1 b5 25. axb5 Nb6 26. Re3 Bxc3 27. bxc3 Nxc4 28.
Qxc4 axb5 29. Qb3 1/2-1/2

[Event "DEM U14 2011"]
[Site "Oberhof GER"]
[Date "2011.06.14"]
[Round "4"]
[White "Klesen, Jonas"]
[Black "Meyers, Mark"]
[Result "0-1"]
[Termination "normal"]
[Board "12"]
[WhiteElo "1233"]
[BlackElo "1820"]
[PlyCount "56"]
[BlackFideId "12927716"]
[EventCountry "GER"]
[EventRounds "9"]
[EventType "swiss"]
[EventDate "2011.06.11"]

1. e4 c5 2. Nc3 Nc6 3. f4 g6 4. Nf3 Bg7 5. Bc4 e6 6. O-O Nge7 7. e5 d6 8. d4
cxd4 9. Nxd4 dxe5 10. Nxc6 Qb6+ 11. Kh1 Nxc6 12. Qf3 O-O 13. fxe5 Nxe5 14. Qe4
Nxc4 15. Qxc4 Bd7 16. Rb1 Rac8 17. Qb3 Qxb3 18. axb3 Bxc3 19. bxc3 Rxc3 20. Rf2
Rfc8 21. Bh6 Rxc2 22. Rff1 Bc6 23. Rg1 Be4 24. Rbd1 Bd5 25. Rd3 Rb2 26. Rd4
Rxb3 27. Re1 Rb2 28. Red1 f5 0-1

[Event "DEM U14 2011"]
[Site "Oberhof GER"]
[Date "2011.06.14"]
[Round "4"]
[White "Ott, Florian"]
[Black "Zimmermann, Christian"]
[Result "1-0"]
[Termination "normal"]
[Board "13"]
[WhiteElo "1863"]
[BlackElo "1848"]
[PlyCount "109"]
[WhiteFideId "12900281"]
[BlackFideId "24692069"]
[EventCountry "GER"]
[EventRounds "9"]
[EventType "swiss"]
[EventDate "2011.06.11"]

1. d4 Nf6 2. Nf3 c5 3. d5 e6 4. Nc3 b5 5. Bg5 b4 6. Ne4 Be7 7. dxe6 fxe6 8.
Nd6+ Bxd6 9. Qxd6 Qe7 10. Qxe7+ Kxe7 11. e4 h6 12. Be3 Nxe4 13. Ne5 Kf6 14.
Ng4+ Kf7 15. Bd3 Bb7 16. f3 Ng5 17. h4 Nh7 18. Ne5+ Kf6 19. Ng4+ Kf7 20. Bxc5
Nc6 21. O-O-O Nf6 22. h5 Nxg4 23. fxg4 Ne5 24. Rhf1+ Ke8 25. Bb5 Bc6 26. Bxc6
Nxc6 27. Rf4 e5 28. Rf5 a5 29. Rdf1 Kd8 30. Bd6 Kc8 31. Rf8+ Kb7 32. R8f7 Rad8
33. Rxg7 Rhe8 34. Rff7 Kc8 35. Rf6 e4 36. Bg3 e3 37. Rf1 Re6 38. Rgf7 Rde8 39.
Rf8 Rxf8 40. Rxf8+ Kb7 41. Rf7 Kc8 42. c3 d5 43. Kc2 a4 44. Rg7 e2 45. Rg6 Re3
46. Rxc6+ Kb7 47. Kd2 Rxg3 48. Rxh6 Rxg4 49. Rg6 bxc3+ 50. bxc3 Rc4 51. Kxe2
Rxc3 52. h6 Rc7 53. Rg3 Rc6 54. h7 Rh6 55. Rh3 1-0

[Event "DEM U14 2011"]
[Site "Oberhof GER"]
[Date "2011.06.14"]
[Round "4"]
[White "Ewert, Paul"]
[Black "Siegert, Gregor"]
[Result "0-1"]
[Termination "normal"]
[Board "14"]
[WhiteElo "1661"]
[BlackElo "1618"]
[PlyCount "64"]
[BlackFideId "1271250"]
[EventCountry "GER"]
[EventRounds "9"]
[EventType "swiss"]
[EventDate "2011.06.11"]

1. e4 c5 2. Nf3 a6 3. Nc3 e6 4. d4 cxd4 5. Nxd4 Qc7 6. Be3 Bb4 7. Qd2 Nf6 8.
Bd3 Bxc3 9. bxc3 d6 10. O-O Nbd7 11. Bg5 b5 12. f3 Bb7 13. a4 bxa4 14. Rxa4 d5
15. exd5 Nxd5 16. Ra3 O-O 17. Rfa1 Rfb8 18. Bxa6 Bxa6 19. Rxa6 Rxa6 20. Rxa6
Rb1+ 21. Kf2 Qxh2 22. Ra8+ Nf8 23. Ne2 Qh1 24. Nc1 h6 25. Be3 Nxe3 26. Rxf8+
Kh7 27. Qxe3 Rxc1 28. Qe4+ f5 29. Qxe6 Rxc2+ 30. Kg3 Qxg2+ 31. Kf4 Qg4+ 32. Ke5
Re2+ 0-1

[Event "DEM U14 2011"]
[Site "Oberhof GER"]
[Date "2011.06.14"]
[Round "5"]
[White "Tennert, Simon"]
[Black "Koop, Thorben"]
[Result "1/2-1/2"]
[Termination "normal"]
[Board "1"]
[WhiteElo "2061"]
[BlackElo "2033"]
[PlyCount "61"]
[WhiteFideId "1270445"]
[BlackFideId "24661619"]
[EventCountry "GER"]
[EventRounds "9"]
[EventType "swiss"]
[EventDate "2011.06.11"]

1. e4 c5 2. Nf3 Nc6 3. d4 cxd4 4. Nxd4 e5 5. Nb5 d6 6. N1c3 a6 7. Na3 Be6 8.
Nc4 Rb8 9. Bd3 Nf6 10. Ne3 Be7 11. O-O O-O 12. Ncd5 b5 13. a4 Nd7 14. axb5 axb5
15. Ra6 Nd4 16. c3 Nc5 17. Ra3 Nc6 18. b4 Nxd3 19. Qxd3 Bg5 20. Ra6 Ne7 21. g3
Bxe3 22. Bxe3 Nxd5 23. exd5 Bc8 24. Ra7 f5 25. f4 Qe8 26. fxe5 dxe5 27. d6 Qc6
28. Rc7 Qa8 29. Ra7 Qc6 30. Rc7 Qa8 31. Ra7 1/2-1/2

[Event "DEM U14 2011"]
[Site "Oberhof GER"]
[Date "2011.06.14"]
[Round "5"]
[White "Kvetny, Mark"]
[Black "Schröder, Jan-Christian"]
[Result "0-1"]
[Termination "normal"]
[Board "2"]
[WhiteElo "2071"]
[BlackElo "2151"]
[PlyCount "140"]
[WhiteFideId "24603929"]
[BlackFideId "24662259"]
[EventCountry "GER"]
[EventRounds "9"]
[EventType "swiss"]
[EventDate "2011.06.11"]

1. d4 d5 2. c4 e6 3. Nc3 Be7 4. cxd5 exd5 5. Bf4 Nf6 6. e3 Bf5 7. Nge2 Nbd7 8.
Ng3 Be6 9. Bd3 c6 10. O-O g6 11. Qc2 O-O 12. Bg5 c5 13. dxc5 Nxc5 14. Rfd1 Nxd3
15. Qxd3 Rc8 16. Rac1 Ng4 17. Bxe7 Qxe7 18. h3 Nf6 19. Qd4 b6 20. Qe5 Rc5 21.
Nge2 Rd8 22. Qd4 Rc4 23. Qe5 Rc5 24. Qd4 Rc4 25. Qd2 Rdc8 26. b3 R4c7 27. Qd4
Qd8 28. Nb5 Rxc1 29. Rxc1 Rxc1+ 30. Nxc1 Ne4 31. Nc3 Qg5 32. Nxe4 dxe4 33. Qxe4
Bxh3 34. Kf1 Qb5+ 35. Kg1 Bf5 36. Qa8+ Kg7 37. Qxa7 Qd5 38. Kh2 Qe5+ 39. Kg1
Qc3 40. Qa3 b5 41. Kh2 b4 42. Qa5 Qxc1 43. Qe5+ Kf8 44. Qd6+ Kg8 45. Qd8+ Kg7
46. Qd4+ f6 47. Qxb4 Qc7+ 48. Kg1 Be6 49. Qd2 Qa7 50. Qb2 h5 51. a3 h4 52. b4
h3 53. gxh3 Qb7 54. Qd4 Qf3 55. Kf1 Qxh3+ 56. Ke1 Qh1+ 57. Kd2 Qb1 58. Qd3 Qb2+
59. Qc2 Qxa3 60. Qc7+ Bf7 61. Qb7 Qa2+ 62. Ke1 Qd5 63. Qa6 Qc4 64. b5 Qc1+ 65.
Ke2 Bc4+ 66. Kf3 Qh1+ 67. Kg3 Qg1+ 68. Kf3 Qh1+ 69. Kg3 Bd5 70. Qa7+ Kh6 0-1

[Event "DEM U14 2011"]
[Site "Oberhof GER"]
[Date "2011.06.14"]
[Round "5"]
[White "Lerch, Philipp"]
[Black "Kreyssig, Robert"]
[Result "1-0"]
[Termination "normal"]
[Board "3"]
[WhiteElo "2021"]
[BlackElo "1859"]
[PlyCount "57"]
[WhiteFideId "4654129"]
[BlackFideId "4662881"]
[EventCountry "GER"]
[EventRounds "9"]
[EventType "swiss"]
[EventDate "2011.06.11"]

1. e4 c5 2. Nf3 d6 3. Bc4 Nf6 4. d3 g6 5. c3 Bg7 6. O-O O-O 7. Nbd2 Bg4 8. Re1
Nc6 9. h3 Bxf3 10. Nxf3 Nd7 11. Be3 Nde5 12. Bb3 Nxf3+ 13. Qxf3 e5 14. Qg3 Kh8
15. f4 f5 16. Rad1 Qd7 17. Ba4 a6 18. Bc2 fxe4 19. dxe4 Qf7 20. f5 gxf5 21.
exf5 Qxa2 22. Rxd6 Qxb2 23. Rd7 Ne7 24. Be4 Rf7 25. Rxb7 Qxc3 26. Rxe7 Rxe7 27.
Bxa8 Bh6 28. f6 Rf7 29. Bd5 1-0

[Event "DEM U14 2011"]
[Site "Oberhof GER"]
[Date "2011.06.14"]
[Round "5"]
[White "Krause, Benedict"]
[Black "Lampert, Jonas"]
[Result "0-1"]
[Termination "normal"]
[Board "4"]
[WhiteElo "1824"]
[BlackElo "2165"]
[PlyCount "164"]
[WhiteFideId "12917990"]
[BlackFideId "1303759"]
[EventCountry "GER"]
[EventRounds "9"]
[EventType "swiss"]
[EventDate "2011.06.11"]

1. e4 e5 2. Nf3 Nc6 3. d4 exd4 4. Nxd4 Bc5 5. Be3 Qf6 6. Nb5 Bxe3 7. fxe3 Qh4+
8. g3 Qd8 9. Qg4 g5 10. N1c3 Ne5 11. Qe2 d6 12. Bg2 c6 13. Nd4 Bg4 14. Qf2 Qc7
15. O-O O-O-O 16. Nf5 Kb8 17. b4 Ne7 18. Rab1 b5 19. a4 a6 20. axb5 axb5 21.
Ra1 Kb7 22. h3 Bh5 23. g4 Bg6 24. Qe2 Nc8 25. Nd4 Nb6 26. Ra7+ Kxa7 27. Ncxb5+
cxb5 28. Nxb5+ Kb8 29. Nxc7 Kxc7 30. c4 Rb8 31. Rc1 Nbd7 32. c5 dxc5 33. bxc5
Rhc8 34. Qd2 Kd8 35. Qd5 Rb5 36. Rd1 Rbxc5 37. Qd6 Ke8 38. Rb1 Rc1+ 39. Rxc1
Rxc1+ 40. Kh2 Rc6 41. Qd4 Kf8 42. Kg3 Re6 43. Bf1 Nf6 44. Bg2 Kg7 45. Qb4 Nc6
46. Qc3 h6 47. Bf3 Ne5 48. Qd4 Nxf3 49. Kxf3 Bxe4+ 50. Kg3 Bc6 51. Kh2 Re4 52.
Qc3 Bd5 53. Kg1 Re6 54. Qd4 Be4 55. Qc5 Bg6 56. Qd4 Kh7 57. Kh2 Ne4 58. Kg2 h5
59. gxh5 Bxh5 60. Qd5 Bg6 61. Qd4 Rf6 62. Kh2 Rf2+ 63. Kg1 Rf3 64. Kg2 Rg3+ 65.
Kh2 Bf5 66. Qe5 Rxh3+ 67. Kg2 Rg3+ 68. Kh2 Bg6 69. Qd4 Rf3 70. Kg2 Rf2+ 71. Kg1
g4 72. Qe5 g3 73. Qe7 g2 74. Qd8 Rc2 75. Qe7 Kg7 76. Qe5+ Nf6 77. Qg5 Rc4 78.
Qg3 Rg4 79. Qe5 Be4 80. Qh2 Rg6 81. Qh4 Rh6 82. Qg5+ Kh7 0-1

[Event "DEM U14 2011"]
[Site "Oberhof GER"]
[Date "2011.06.14"]
[Round "5"]
[White "Richter, Leonard"]
[Black "Yankelevich, Lev"]
[Result "0-1"]
[Termination "normal"]
[Board "5"]
[WhiteElo "1856"]
[BlackElo "2032"]
[PlyCount "52"]
[WhiteFideId "12900290"]
[BlackFideId "24684074"]
[EventCountry "GER"]
[EventRounds "9"]
[EventType "swiss"]
[EventDate "2011.06.11"]

1. e4 Nf6 2. e5 Nd5 3. d4 d6 4. Nf3 Bg4 5. Be2 e6 6. O-O Nc6 7. exd6 cxd6 8. b3
Be7 9. Bb2 O-O 10. c4 Nf4 11. Nbd2 Nxe2+ 12. Qxe2 Bf6 13. Qe3 d5 14. Rac1 Bf5
15. a3 dxc4 16. bxc4 Qb6 17. Ba1 Rfd8 18. Nb3 Rac8 19. Rfd1 Na5 20. Nxa5 Qxa5
21. Qb3 Be4 22. Ne5 Bxe5 23. dxe5 Bc6 24. Rd6 Rxd6 25. Bc3 Qd8 26. exd6 Qg5 0-1

[Event "DEM U14 2011"]
[Site "Oberhof GER"]
[Date "2011.06.14"]
[Round "5"]
[White "Keller, Peter"]
[Black "Grigorian, Spartak"]
[Result "1-0"]
[Termination "normal"]
[Board "6"]
[WhiteElo "1874"]
[BlackElo "1971"]
[PlyCount "68"]
[WhiteFideId "1272105"]
[BlackFideId "24661490"]
[EventCountry "GER"]
[EventRounds "9"]
[EventType "swiss"]
[EventDate "2011.06.11"]

1. e4 e5 2. Nf3 Nc6 3. Bb5 Nf6 4. O-O Nxe4 5. d4 Nd6 6. Bxc6 dxc6 7. Nxe5 Be7
8. Nd2 O-O 9. Ndf3 Re8 10. b3 Bf6 11. Bb2 Bf5 12. Re1 Re7 13. c4 Qe8 14. Ba3
Rd8 15. Qc1 h6 16. Qf4 Bh7 17. h4 Re6 18. Ng4 Qd7 19. Rxe6 Qxe6 20. Re1 Qf5 21.
Bxd6 cxd6 22. Qxd6 Bg6 23. Nxf6+ Qxf6 24. Qxf6 gxf6 25. Re7 Rb8 26. d5 cxd5 27.
cxd5 Bb1 28. a3 a6 29. Rd7 Kf8 30. b4 Ke8 31. Rc7 Be4 32. d6 Rd8 33. Re7+ Kf8
34. Rxe4 Rxd6 1-0

[Event "DEM U14 2011"]
[Site "Oberhof GER"]
[Date "2011.06.14"]
[Round "5"]
[White "Töws, Manuel"]
[Black "Glatzel, Jonas"]
[Result "1-0"]
[Termination "normal"]
[Board "7"]
[WhiteElo "1938"]
[BlackElo "1863"]
[PlyCount "117"]
[WhiteFideId "24654485"]
[BlackFideId "12937800"]
[EventCountry "GER"]
[EventRounds "9"]
[EventType "swiss"]
[EventDate "2011.06.11"]

1. e4 c5 2. Nf3 Nc6 3. Bb5 Nf6 4. Nc3 Qc7 5. Bxc6 dxc6 6. d3 Bg4 7. Be3 e5 8.
h3 Bh5 9. Qe2 O-O-O 10. O-O-O Be7 11. g4 Bg6 12. Nd2 Kb8 13. Rdf1 Bd6 14. Nc4
Nd7 15. f4 f6 16. fxe5 Bxe5 17. Nxe5 fxe5 18. h4 Rdf8 19. h5 Bf7 20. Rf2 Be6
21. Rhf1 b6 22. Bg5 Qd6 23. Kb1 Kc7 24. Nd1 Rxf2 25. Rxf2 Rf8 26. Ne3 Rxf2 27.
Qxf2 Qf8 28. Qxf8 Nxf8 29. Be7 Nd7 30. Nf5 g6 31. hxg6 hxg6 32. Bd6+ Kb7 33.
Ne3 Nf6 34. g5 Ng4 35. Nxg4 Bxg4 36. Bxe5 c4 37. Kc1 cxd3 38. cxd3 Kc8 39. Kd2
Kd7 40. Kc3 a6 41. Bg3 c5 42. d4 cxd4+ 43. Kxd4 Be6 44. Ke5 Ke7 45. a3 a5 46.
a4 Bd7 47. Bf2 b5 48. Bc5+ Kf7 49. Kd6 Ke8 50. b4 bxa4 51. bxa5 Bb5 52. e5 Kd8
53. e6 Be8 54. a6 Kc8 55. a7 Kb7 56. Ke7 Bb5 57. Kf8 a3 58. Bxa3 Kxa7 59. e7
1-0

[Event "DEM U14 2011"]
[Site "Oberhof GER"]
[Date "2011.06.14"]
[Round "5"]
[White "Meyers, Mark"]
[Black "Peil, Christoph"]
[Result "0-1"]
[Termination "normal"]
[Board "8"]
[WhiteElo "1820"]
[BlackElo "1902"]
[PlyCount "46"]
[WhiteFideId "12927716"]
[BlackFideId "24651800"]
[EventCountry "GER"]
[EventRounds "9"]
[EventType "swiss"]
[EventDate "2011.06.11"]

1. c4 c5 2. g3 Nc6 3. Nc3 g6 4. Bg2 Bg7 5. e3 e5 6. Nge2 Nge7 7. O-O d6 8. a3
Be6 9. Nd5 h5 10. b4 e4 11. Nec3 Nxd5 12. cxd5 Bxd5 13. bxc5 dxc5 14. Rb1 Bxc3
15. dxc3 Ne5 16. Qc2 Nf3+ 17. Kh1 h4 18. Bxf3 exf3 19. g4 Qe7 20. Qa4+ Bc6 21.
Qf4 Be4 22. Rxb7 Bxb7 23. Rd1 Be4 0-1

[Event "DEM U14 2011"]
[Site "Oberhof GER"]
[Date "2011.06.14"]
[Round "5"]
[White "Bonk, Andras"]
[Black "Kramer, Julian"]
[Result "1/2-1/2"]
[Termination "normal"]
[Board "9"]
[WhiteElo "1930"]
[BlackElo "1946"]
[PlyCount "81"]
[WhiteFideId "24692123"]
[BlackFideId "12921742"]
[EventCountry "GER"]
[EventRounds "9"]
[EventType "swiss"]
[EventDate "2011.06.11"]

1. e4 c5 2. Nf3 d6 3. Bb5+ Bd7 4. Bxd7+ Qxd7 5. c4 Nf6 6. Nc3 g6 7. d4 cxd4 8.
Nxd4 Bg7 9. f3 O-O 10. Be3 Rc8 11. b3 e6 12. Rc1 Rd8 13. O-O Nc6 14. Qd2 d5 15.
exd5 exd5 16. c5 Nxd4 17. Bxd4 Ne4 18. Qe3 Nxc3 19. Qxc3 Bxd4+ 20. Qxd4 Qc6 21.
Rfd1 Rac8 22. Rd2 Rc7 23. Re2 Re8 24. Rce1 Rcc8 25. Kf2 Rxe2+ 26. Rxe2 f6 27.
b4 Kf8 28. Rd2 b6 29. cxb6 Qxb6 30. Qxb6 axb6 31. Rxd5 Rc2+ 32. Kg3 Rxa2 33.
Rd6 Kg7 34. Rxb6 Rb2 35. b5 h5 36. Rb8 g5 37. b6 Kh7 38. b7 Kg7 39. h4 Rb4 40.
hxg5 fxg5 41. Kf2 1/2-1/2

[Event "DEM U14 2011"]
[Site "Oberhof GER"]
[Date "2011.06.14"]
[Round "5"]
[White "Xiong, Ferdinand"]
[Black "Müller, Constantin"]
[Result "0-1"]
[Termination "normal"]
[Board "10"]
[WhiteElo "1926"]
[BlackElo "1839"]
[PlyCount "80"]
[WhiteFideId "24654132"]
[BlackFideId "24697630"]
[EventCountry "GER"]
[EventRounds "9"]
[EventType "swiss"]
[EventDate "2011.06.11"]

1. e4 c5 2. Nf3 e6 3. d4 cxd4 4. Nxd4 a6 5. Nc3 Qc7 6. Be3 Bb4 7. Qd2 Nf6 8. f3
d5 9. Bd3 e5 10. Nde2 d4 11. Nxd4 exd4 12. Bxd4 Nc6 13. Bf2 Ne5 14. O-O-O O-O
15. Bg3 Nxd3+ 16. Qxd3 Qa5 17. Bd6 Bxd6 18. Qxd6 Be6 19. a3 Rad8 20. Qe7 Rfe8
21. Rxd8 Rxd8 22. e5 Rd7 23. Qb4 Qxb4 24. axb4 Nd5 25. Nxd5 Rxd5 26. Re1 g6 27.
c3 Kf8 28. Re3 b5 29. b3 Ke7 30. Kc2 Bf5+ 31. Kc1 Rd3 32. Rxd3 Bxd3 33. Kd2 Bf1
34. g3 Ke6 35. f4 Kd5 36. Ke3 Bh3 37. Kd3 Bf5+ 38. Ke3 Bc2 39. c4+ bxc4 40.
bxc4+ Kxc4 0-1

[Event "DEM U14 2011"]
[Site "Oberhof GER"]
[Date "2011.06.14"]
[Round "5"]
[White "Myagkov, Kirill"]
[Black "Berkov, Mikhail"]
[Result "0-1"]
[Termination "normal"]
[Board "12"]
[WhiteElo "1833"]
[BlackElo "1782"]
[PlyCount "110"]
[WhiteFideId "24657042"]
[BlackFideId "24678783"]
[EventCountry "GER"]
[EventRounds "9"]
[EventType "swiss"]
[EventDate "2011.06.11"]

1. e4 c5 2. Nc3 e6 3. g3 Nc6 4. Bg2 g6 5. d3 Bg7 6. Be3 d6 7. f4 Nd4 8. Nf3 Qa5
9. O-O Nh6 10. h3 f5 11. Nd2 O-O 12. Nc4 Qc7 13. Kh2 a6 14. a4 Rb8 15. a5 Bd7
16. g4 Bb5 17. Nb6 fxg4 18. hxg4 Nxc2 19. Bd2 Nxa1 20. g5 Nf7 21. Qxa1 Bxd3 22.
Rf3 c4 23. Rh3 Bd4 24. Qe1 Kg7 25. Qh4 Rh8 26. f5 Be5+ 27. Bf4 Bxf4+ 28. Qxf4
exf5 29. Ncd5 Qc5 30. Nd7 Qd4 31. Nxb8 Rxb8 32. Nf6 Rh8 33. Qd2 Qe5+ 34. Kh1
fxe4 35. Nd7 Qxg5 36. Qc3+ Ne5 37. Nxe5 Qxe5 38. Qb4 Qe7 39. Qc3+ Qf6 40. Qb4
Rb8 41. Qb6 Rf8 42. Qxb7+ Rf7 43. Qd5 Bf1 44. Qxe4 Qxb2 45. Rh2 Bxg2+ 46. Rxg2
Rf1+ 47. Kh2 Qe5+ 48. Qxe5+ dxe5 49. Rc2 Rf4 50. Re2 Kf6 51. Rb2 c3 52. Rb6+
Kf5 53. Rxa6 Rc4 54. Ra8 c2 55. Rf8+ Kg4 0-1

[Event "DEM U14 2011"]
[Site "Oberhof GER"]
[Date "2011.06.14"]
[Round "5"]
[White "Ott, Florian"]
[Black "Klesen, Jonas"]
[Result "1-0"]
[Termination "normal"]
[Board "13"]
[WhiteElo "1863"]
[BlackElo "1233"]
[PlyCount "61"]
[WhiteFideId "12900281"]
[EventCountry "GER"]
[EventRounds "9"]
[EventType "swiss"]
[EventDate "2011.06.11"]

1. d4 Nf6 2. Nf3 g6 3. c4 Bg7 4. Nc3 O-O 5. e4 d6 6. Be2 b6 7. O-O Bb7 8. Qc2
Nc6 9. a3 Nd7 10. Be3 e6 11. d5 exd5 12. cxd5 Nce5 13. Nd4 Nc5 14. b4 Na6 15.
f4 Nd7 16. Rac1 Rc8 17. Nc6 Qe8 18. Bd4 Bxd4+ 19. Nxd4 Nab8 20. Ncb5 Nf6 21.
Nxa7 Rd8 22. Bf3 Na6 23. Nac6 Bxc6 24. Nxc6 Rc8 25. Rfe1 Qd7 26. e5 Ne8 27. e6
fxe6 28. dxe6 Qg7 29. Qc4 Nb8 30. e7+ Rf7 31. Nd8 1-0

[Event "DEM U14 2011"]
[Site "Oberhof GER"]
[Date "2011.06.14"]
[Round "5"]
[White "Zimmermann, Christian"]
[Black "Ewert, Paul"]
[Result "1-0"]
[Termination "normal"]
[Board "14"]
[WhiteElo "1848"]
[BlackElo "1661"]
[PlyCount "64"]
[WhiteFideId "24692069"]
[EventCountry "GER"]
[EventRounds "9"]
[EventType "swiss"]
[EventDate "2011.06.11"]

1. e4 c5 2. Nf3 Nc6 3. d4 cxd4 4. Nxd4 g6 5. Be3 Bg7 6. Nc3 Nf6 7. Bc4 O-O 8.
Bb3 d6 9. f3 Bd7 10. Qd2 Rc8 11. O-O-O Ne5 12. Kb1 Nc4 13. Bxc4 Rxc4 14. g4 a6
15. h4 Qa5 16. h5 Rfc8 17. hxg6 fxg6 18. Qh2 Rxc3 19. bxc3 Qxc3 20. Rd3 Qa5 21.
Nb3 Qc7 22. Bd4 e5 23. Bb2 b5 24. Rhd1 Bf8 25. g5 Ne8 26. Bxe5 a5 27. Bb2 Be6
28. Rh1 b4 29. f4 a4 30. Nd4 Bc4 31. Rh3 a3 32. Rxh7 axb2 1-0

[Event "DEM U14 2011"]
[Site "Oberhof GER"]
[Date "2011.06.15"]
[Round "6"]
[White "Schröder, Jan-Christian"]
[Black "Koop, Thorben"]
[Result "1-0"]
[Termination "normal"]
[Board "1"]
[WhiteElo "2151"]
[BlackElo "2033"]
[PlyCount "50"]
[WhiteFideId "24662259"]
[BlackFideId "24661619"]
[EventCountry "GER"]
[EventRounds "9"]
[EventType "swiss"]
[EventDate "2011.06.11"]

1. e4 c5 2. Nf3 Nc6 3. d4 cxd4 4. Nxd4 e5 5. Nb5 d6 6. N5c3 a6 7. Na3 Be6 8.
Nc4 Rb8 9. Nd5 Bxd5 10. exd5 Nce7 11. g3 g6 12. Bg2 Bg7 13. O-O f5 14. a4 b5
15. axb5 axb5 16. Na5 Nf6 17. Nc6 Nxc6 18. dxc6 O-O 19. Ra7 Rc8 20. Bd5+ Kh8
21. Bg5 Rc7 22. Rb7 Qc8 23. Bxf6 Rxf6 24. Qd3 Rf8 25. Qxb5 f4 1-0

[Event "DEM U14 2011"]
[Site "Oberhof GER"]
[Date "2011.06.15"]
[Round "6"]
[White "Lampert, Jonas"]
[Black "Tennert, Simon"]
[Result "1/2-1/2"]
[Termination "normal"]
[Board "2"]
[WhiteElo "2165"]
[BlackElo "2061"]
[PlyCount "88"]
[WhiteFideId "1303759"]
[BlackFideId "1270445"]
[EventCountry "GER"]
[EventRounds "9"]
[EventType "swiss"]
[EventDate "2011.06.11"]

1. e4 c5 2. Nf3 d6 3. d4 cxd4 4. Nxd4 Nf6 5. Nc3 Nc6 6. Bg5 e6 7. Qd2 a6 8.
O-O-O Bd7 9. f3 Be7 10. Be3 Nxd4 11. Bxd4 b5 12. Ne2 e5 13. Be3 b4 14. Qxb4 d5
15. Bc5 dxe4 16. fxe4 a5 17. Bxe7 axb4 18. Bxd8 Kxd8 19. Ng3 Rxa2 20. Bc4 Ra1+
21. Kd2 Rxd1+ 22. Rxd1 Ke7 23. h3 g6 24. Ke3 Rc8 25. Bb3 Be6 26. Bxe6 Kxe6 27.
Rc1 Nd7 28. Ne2 f5 29. c3 b3 30. Ra1 Nc5 31. exf5+ gxf5 32. Ra7 Rd8 33. Nc1 Rd1
34. Ra1 f4+ 35. Ke2 Rg1 36. Nxb3 Rxa1 37. Nxa1 Na4 38. b4 Nxc3+ 39. Kd3 Nd1 40.
Nb3 Kd5 41. Nc5 h6 42. Ke2 Nc3+ 43. Kf3 Nb5 44. g3 Nd4+ 1/2-1/2